banner-ar

ذاكرة الامة : (Record no. 65222)

MARC details
000 -الفاتح
حقل البيانات ثابتة الطول 00874nam a2200253Ia 4500
005 - وقت وتاريخ اخر تعامل مع التسجيلة
رقم الضبط 20240530110813.0
008 - عناصر البيانات ثابتة الطول - معلومات عامة
حقل البيانات ثابتة الطول 140319s2007 au a f b 000 0 ara d
017 ## - رقم الايداع القانونى
رقم الايداع القانونى 2007/1059
المصدر ( الهيئة المختصة) مصر. دار الكتب
020 ## - الرقم الدولى المعيارى للكتب
الرقم الدولى المعيارى للكتاب 9774271351
040 ## - مصدر الفهرسة
وكالة الفهرسة الأصلية GCL /
وكالة النسخ GCL
082 04 - رقم تصنيف ديوى العشرى
رقم الطبعة 21
رقم التصنيف 730.92 /
رقم المادة ص ذ
100 0# - المدخل الرئيسى - إسم شخصى
الإسم الشخصى صبحى الشارونى
245 10 - بيان العنوان
العنوان ذاكرة الامة :
بقية العنوان المثال محمود مختار ومتحفه /
بيان المسئوليه,etc صبحى الشارونى
250 ## - بيان الطبعة
بيان الطبعة ط.1
260 ## - PUBLICATION, DISTRIBUTION, ETC. (IMPRINT)
تاريخ النشر أو التوزيع 2007 .
300 ## - الوصف المادى
التعداد 121 ص. :
تفاصيل ماديه اخرى للوعاء ايض. ؛
أبعاد الوعاء 33 سم.
600 0# - المدخل الاضافى بالموضوع-اسم شخصى
الإسم الشخصى محمود مختار
650 07 - المدخل الاضافى بالموضوع-مصطلح موضوعى
مصطلح موضوعي الفنون التشكيلية
مصدر الرأس أو المصطلح qrmak
650 07 - المدخل الاضافى بالموضوع-مصطلح موضوعى
مصطلح موضوعي النحاتون المصريون
650 07 - المدخل الاضافى بالموضوع-مصطلح موضوعى
مصطلح موضوعي النحت
651 ## - المدخل الاضافى بالموضوع - اسم جغرافى
مصدر الرأس أو المصطلح qrmak
942 ## - عناصر المدخل الإضافي( كوها)
مصدر التصنيف او مخطط الترفيف Dewey Decimal Classification
Koha [default] item type كتاب
260 ## - PUBLICATION, DISTRIBUTION, ETC. (IMPRINT)
-- القاهرة :
-- الدار المصرية اللبنانية،
Holdings
حالة التراجع حالة الفقد حالة تلف ليس للاعارة المكان المؤقت الموقع الحالى موقع الترفيف تاريخ الاكتساب اجمالي اﻻعارات رقم الطلب الباركود تاريخ اخر مشاهدة تاريخ تفعيل السعر نوع وعاء كوها
        مكتبة القاهرة الكبرى مكتبة القاهرة الكبرى   05/15/2019   730.92 / ص ذ 165908 05/15/2019 05/15/2019 كتاب

Powered By

EGPV